00779nam a2200205Ia 4500008004100000020001500041040005500056041000800111100003100119245007900150260004700229300002200276504005300298650002200351650003200373650003200405650003700437650005900474650004000533130821s2006 ck gr spa  a9583505498 aCo-BoUCMbspacJavier Garzón (modificó)dNuevo00aspa1 aNeira Archila, Luis Carlos10aApuntaciones generales al derecho de sociedadescLuis Carlos Neira Archila aBogotá (Colombia)bEditorial Temisc2006 axv, 306 páginas aIncluye referencias bibliográficas e índices 7aDerecho comercial 7aDerecho comercialzColombia 7aLiquidación de sociedades 7aObligaciones (Derecho comercial) 7aSociedades comercialesxAspectos jurídicoszColombia 7aSociedadesxLegislaciónzColombia